Cooperative audit (Record no. 152926)
[ view plain ]
| 000 -LEADER | |
|---|---|
| fixed length control field | 00319nam a2200133Ia 4500 |
| 020 ## - INTERNATIONAL STANDARD BOOK NUMBER | |
| International Standard Book Number | 8120407326 |
| 082 ## - DEWEY DECIMAL CLASSIFICATION NUMBER | |
| Classification number | 657.97 |
| Item number | KRI/CO |
| 100 ## - MAIN ENTRY--PERSONAL NAME | |
| Personal name | Krishnaswami, O R |
| 245 ## - TITLE STATEMENT | |
| Title | Cooperative audit |
| 260 ## - PUBLICATION, DISTRIBUTION, ETC. (IMPRINT) | |
| Name of publisher, distributor, etc | Oxford & IBH publishing co pvt ltd |
| Place of publication, distribution, etc | New Delhi |
| Date of publication, distribution, etc | 1992 |
| 300 ## - PHYSICAL DESCRIPTION | |
| Extent | 416 |
| 546 ## - LANGUAGE | |
| Language note | English |
| 942 ## - ADDED ENTRY ELEMENTS (KOHA) | |
| Koha item type | Books (General) |
| Source of classification or shelving scheme | Dewey Decimal Classification |
| Lost status | Source of classification or shelving scheme | Damaged status | Not for loan | Home library | Current library | Date acquired | Total Checkouts | Full call number | Barcode | Date last seen | Koha item type | Public note |
|---|---|---|---|---|---|---|---|---|---|---|---|---|
| Dewey Decimal Classification | KAU Central Library, Thrissur | KAU Central Library, Thrissur | 29/12/2016 | 657.97 KRI/CO | 904235 | 29/12/2016 | Books (General) | Book transferred from CCBM Library ,Acc.No:3346 |
